000 00262nam a2200109Ia 4500
008 200302s9999 xx 000 0 und d
100 _aAl0nzo Wass
245 _aBuilding Consturction Estimating
260 _bPrentice-Hall, Inc.
260 _c1964
300 _a227 P.,
999 _c413
_d413